000 00693nam a2200265Ia 4500
005 20260302115111.0
008 008 260114s9999 xx 000 0 eng d
020 _a9781472553980
037 _aTextbook
040 _aCRL
040 _beng
040 _cCRL
041 _2eng
041 _aeng
084 _qCRL
100 _aHerbert G. Wright
_91120695
245 0 _aBoccaccio in England From Chaucer to Tennyson
260 _bBloomsbury
260 _bBloomsbury Academic
260 _c2013
650 _aLiterary Studies
856 _uhttps://dx.doi.org/10.5040/9781472553980?locatt=label:secondary_bloomsburyCollections
942 _cEBOOK
999 _c1684956
_d1684956